| 000 | 00419nam a2200157 i 4500 | ||
|---|---|---|---|
| 001 | 140867 | ||
| 003 | ES-MaACL | ||
| 005 | 20230906200153.0 | ||
| 007 | t| | ||
| 008 | 070918s1956 sp ||||1| spa d | ||
| 100 | 1 |
_aYerro, Marino. _9117625 |
|
| 245 | 1 | 0 |
_aLaoconte _b: poema de la lucha / _cMarino Yerro. |
| 260 |
_aMadrid : _bAgora, _c[1956] |
||
| 300 |
_a69 p. ; _c21 cm. |
||
| 852 |
_aES-MaACL _j1993-F-3 _bR.37057 |
||
| 999 |
_c140867 _d140867 |
||